| 000 | 00736nam a22002057a 4500 | ||
|---|---|---|---|
| 999 |
_c166015 _d166015 |
||
| 005 | 20190710123522.0 | ||
| 010 | _aB-728427 | ||
| 020 |
_a9789312149836 _c465.00 |
||
| 035 | _aB-728427 | ||
| 037 | _bRK Books | ||
| 082 | _a513 | ||
| 100 | _aVerma,Rajesh | ||
| 245 |
_aFast track objective arithmetic / _cby Rajesh Verma |
||
| 250 | _arev. ed | ||
| 260 |
_aNew Delhi _bArihant Publications _c(201?) |
||
| 270 |
_a'Ramchhaya' 4577/15, Agarwal Road, Daryaganj _bNew Delhi _e110002 |
||
| 300 |
_a870p.: _c24cm(pbk) _bill. |
||
| 942 |
_2ddc _cEN _h513 _mVER |
||